| 000 | 00714cam a2200157 4500500 | ||
|---|---|---|---|
| 005 | 20260111090136.0 | ||
| 041 | _afre | ||
| 042 | _adc | ||
| 100 | 1 | 0 |
_aRivet de Sabatier, Philippe _eauthor |
| 245 | 0 | 0 | _aÉtienne Miqueu Symbiose Essai sur nos vies ensemble. Flammarion, « Terra Incognita », 2025, 320 pages, 23 €. |
| 260 | _c2025. | ||
| 500 | _a80 | ||
| 520 | _aLa fondation Louis-Vuitton, à Paris, propose une rétrospective de l’œuvre de Gerhard Richter, un panorama complet couvrant soixante ans de création artistique. | ||
| 786 | 0 | _nÉtudes | - | 13 | 2025-12-30 | p. 125-125 | 0014-1941 | |
| 856 | 4 | 1 | _uhttps://shs.cairn.info/revue-etudes-2025-13-page-125?lang=fr&redirect-ssocas=7080 |
| 999 |
_c1618516 _d1618516 |
||